000 00669nam a2200217Ia 4500
003 OSt
005 20230616160522.0
008 210423s2018 xx 000 0 und d
020 _a978-93-86235-19-0
040 _cAL
041 _aeng
082 _a541.242
_223
_bMUKG
100 _aMUKHERJEE (Asok K); GHOSH (Bankim (Chandra)
_998057
245 _aGroup theory in chemistry: bonding and molecular spectroscopy
260 _aIndia
_bUniversities Press
_c2018
300 _axi,516
_bPB
365 _b825
_cINR
650 _aPhysical & Theoretical Chemistry
_998058
906 _abonding ; chemistry: ; Group ; molecular ; spectroscopy ; theory
942 _2ddc
_cBK
999 _c171040
_d171040